[Event "21st Alekhine Master 2017"]
[Site "Voronezh"]
[Date "2017.06.21"]
[Round "9"]
[White "Popov, Ivan"]
[Black "Cherniaev, Alexander"]
[Result "1-0"]
[WhiteElo "2619"]
[BlackElo "2425"]
[Annotator "TA"]
[PlyCount "90"]
[EventDate "2017.??.??"]
[EventType "swiss"]
[EventCountry "RUS"]
[SourceTitle "playchess.com"]
[Source "ChessBase"]
[SourceQuality "1"]

{[%evp 16,90,43,38,57,23,33,29,34,31,20,31,111,123,144,93,92,97,166,162,371,365,343,214,230,113,116,106,83,66,61,59,58,33,56,36,17,0,60,0,71,42,108,115,106,99,99,97,126,90,125,127,141,145,129,91,100,83,90,75,160,133,208,175,363,360,354,349,343,331,589,592,592,590,568,587,559]} 1. e4 d6 2. d4 Nf6 3. Nc3 c6 4. f4 Qa5 5. Bd3 e5 6. Nf3 Nbd7 7. h3 {B07: Pirc Defence: Miscellaneous Systems} (7. O-O Be7 8. Kh1 O-O 9. Qe1 Qc7 10. fxe5 dxe5 11. Nxe5 Nxe5 12. Qg3 Nh5 13. Qxe5 Qxe5 14. dxe5 g6 15. Bh6 Ng7 16. Bc4 {1-0 (31) Volokitin,A (2639)-Bezold,M (2509) Berlin 2015}) 7... Be7 8. O-O O-O 9. Be3 {LiveBook: 4 Games. White is slightly better.} Qc7 10. Kh1 Nh5 $146 ({Predecessor:} 10... b5 11. Qd2 a6 12. Rad1 Bb7 13. a3 c5 14. fxe5 dxe5 15. d5 Ne8 16. Bg5 {0-1 (72) Beraud,R (1750)-Bordenave,R (1810) France 1999}) 11. Ne2 exf4 12. Bxf4 Nxf4 13. Nxf4 d5 (13... b5 $14) 14. e5 $16 Rd8 15. Qe1 ({Better is} 15. Nd2 {Black must now prevent Bxh7+!} Nf8 16. Qh5) 15... Nf8 16. Qg3 c5 (16... a5 $16) 17. c4 $1 $18 {[%cal Rc4d5]} dxc4 $2 (17... Be6) 18. Bxc4 ({Not} 18. Nh5 g6 $11) 18... cxd4 19. Rac1 Qb6 {[#]} 20. Nd5 (20. Ng5 $1 $18 {[%cal Rg5f7] and the rest is easy.} Be6 21. Nfxe6 fxe6 {[#]} 22. Rxf8+ $1 {[%mdl 512]} Rxf8 23. Nxe6) 20... Rxd5 $16 21. Bxd5 Be6 22. Bxe6 Nxe6 23. Qf2 {aiming for Nxd4!} Rf8 24. Rc2 a5 25. Rfc1 Qd8 26. Qf1 b6 (26... d3 $11 27. Rc8 Qd7 28. Rxf8+ Bxf8) 27. a3 (27. Rd1 $14) 27... Qd7 (27... d3 $1 $11 {keeps the balance.} 28. Rc8 Qd5) 28. Qc4 a4 ({Black should try} 28... Rd8 $14) 29. Qc6 Qxc6 30. Rxc6 Bc5 31. Ne1 Rb8 32. Rc4 Ra8 33. Nd3 Kf8 34. Kg1 Ke8 35. Kf1 Kd7 36. Nxc5+ bxc5 {[%mdl 4096] Endgame KRR-KRN} 37. Rd6+ Kc7 (37... Ke7 $142) 38. Rc2 Ra7 (38... h5 $16 39. h4 Ra7) 39. Rf2 Nd8 $2 (39... Kc8 {was called for.} 40. Ke2 Rc7) 40. Rd5 $18 Ra5 41. Ke2 Rb5 42. Kd3 Nb7 $2 (42... Rb3+ 43. Kc2 Rb5) 43. Rxf7+ {White is clearly winning.} Kc6 44. Rdd7 Rb3+ 45. Ke4 {Hoping for Rc7+.} Re3+ {Precision: White = 48%, Black = 32%.} 1-0

[Event "21st Alekhine Master 2017"]
[Site "Voronezh"]
[Date "2017.06.21"]
[Round "9"]
[White "Kryakvin, Dmitry"]
[Black "Peskov, Alexsey"]
[Result "1-0"]
[WhiteElo "2572"]
[BlackElo "2394"]
[Annotator "TA"]
[PlyCount "97"]
[EventDate "2017.??.??"]
[EventType "swiss"]
[EventCountry "RUS"]
[SourceTitle "playchess.com"]
[Source "ChessBase"]
[SourceQuality "1"]

{[%evp 12,97,52,40,86,89,75,82,79,76,87,87,84,10,19,9,32,25,100,110,109,93,90,117,139,139,144,125,131,135,136,89,101,100,85,30,35,25,24,12,20,16,21,19,18,0,49,48,47,46,63,60,72,52,212,229,236,234,232,225,211,208,266,266,279,287,295,288,361,202,195,192,197,161,494,251,1175,1083,29975,29976,29975,29976,29976,29976,29973,5322,29980,29980]} 1. c4 e6 2. g3 d5 3. Bg2 dxc4 4. Qa4+ Bd7 5. Qxc4 Bc6 6. Nf3 Nf6 7. O-O {LiveBook: 92 Games} Qd5 {A13: English Opening: 1...e6} (7... Nbd7 8. Nc3 Bd6 9. d4 O-O 10. Rd1 Qe7 11. Qd3 Bxf3 12. Qxf3 c6 13. Ne4 Nxe4 14. Qxe4 Nf6 15. Qf3 Rfd8 16. Bd2 {½-½ (40) Swiercz,D (2627)-Ipatov,A (2630) Warsaw 2013}) 8. Qc2 $146 ({Predecessor:} 8. Qxd5 Bxd5 9. d3 b6 10. Bf4 Na6 11. Nc3 Bb7 12. Nb5 Nd5 13. Nd2 Kd7 14. Nc4 f6 15. Ne3 {1-0 (65) Balinov,I (2454)-Schuurman,P (2219) Graz 2006}) 8... Qh5 9. Nc3 Nbd7 {White is better.} 10. e4 {[%cal Be2e4,Be4e5][%mdl 32]} Ne5 11. Nxe5 Qxe5 12. d4 (12. d3 $16) 12... Qxd4 $11 13. Bf4 Bb4 14. e5 Nd5 (14... Bxg2 $11 {keeps the balance.} 15. Rfd1 Qc4 16. exf6 g5) 15. Nxd5 $16 exd5 16. Rfd1 $36 {[%mdl 2048] Keeping Black busy.} Qc5 17. Qf5 {Black must now prevent a3.} Qe7 18. Bxd5 Bxd5 19. Rxd5 c6 {[#]} 20. Rd3 $1 g6 21. Qg4 h5 22. Qd1 Bc5 23. Qc2 (23. h4 $16) 23... O-O $1 $11 24. Rad1 (24. e6 $5) 24... b6 $1 25. a3 {Hoping for b4.} Qe6 26. h4 Rfe8 27. R1d2 Be7 28. Qd1 c5 29. Rd7 c4 30. Qf3 a6 31. Bg5 Rac8 32. R2d5 (32. Ra7 {with more complications.} Bxg5 33. Rd6 Qf5 34. Qxf5 gxf5 35. hxg5 Rxe5 36. Rxa6 b5 37. Kf1) 32... Rc5 $2 ({Black should try} 32... Bf8 $14) 33. Rxe7 $18 Rxe7 34. Rxc5 bxc5 35. Bxe7 Qxe7 {[%mdl 4096] Endgame KQ-KQ} 36. Qa8+ Kh7 37. Qxa6 c3 38. bxc3 Qxe5 39. Qc4 Kg8 40. Kh2 (40. a4 $142) 40... Qc7 41. a4 {[%cal Ba3a4,Ba4a5,Ba5a6][%mdl 32]} Qa5 42. Kg1 Qa8 $2 (42... Kf8 43. Kf1 Kg7) 43. Qb5 {aiming for a5.} Qf3 $2 (43... Qe4 44. a5 (44. Qxc5 Qxa4 45. c4 Qd7 $16) 44... g5 45. hxg5 Qe1+ 46. Kg2 Qe4+ 47. Kh2 h4 48. Qb8+ Kg7) 44. a5 Qxc3 45. a6 Qe1+ 46. Kg2 Qe4+ {[#]} 47. Kh2 $1 Qd4 48. Qb7 c4 49. Kg2 {Precision: White = 70%, Black = 47%.} 1-0

[Event "21st Alekhine Master 2017"]
[Site "Voronezh"]
[Date "2017.06.21"]
[Round "9"]
[White "Chigaev, Maksim"]
[Black "Iljiushenok, Ilia"]
[Result "1-0"]
[WhiteElo "2561"]
[BlackElo "2496"]
[Annotator "TA"]
[PlyCount "79"]
[EventDate "2017.??.??"]
[EventType "swiss"]
[EventCountry "RUS"]
[SourceTitle "playchess.com"]
[Source "ChessBase"]
[SourceQuality "1"]

{[%evp 20,79,14,-11,18,-41,-33,-29,-30,-42,-33,-50,-40,-50,-40,-60,-12,-43,-46,-34,8,4,0,0,18,0,95,87,119,136,122,118,179,174,285,264,274,261,241,133,138,128,139,82,54,67,73,75,68,70,70,87,139,152,636,651,29987,29988,29988,29989,29989,471]} 1. c4 Nf6 2. Nc3 g6 3. g3 Bg7 4. Bg2 O-O 5. d4 d6 6. Nf3 Nc6 7. O-O a6 8. h3 Bd7 9. Be3 Rb8 10. Rc1 b5 11. Nd2 e5 {E63: King's Indian: Fianchetto: Panno Variation with 7...a6} (11... Na5 12. cxb5 axb5 13. b4 Nc6 14. a3 Qc8 15. Nde4 Ne8 16. Nd5 e6 17. Nef6+ Nxf6 18. Nxf6+ Bxf6 19. Bxc6 {1-0 (55) Adly,A (2593)-Ezat,M (2474) Cairo 2015}) 12. d5 (12. dxe5 $11 Nxe5 13. cxb5 axb5 14. Bg5) 12... Ne7 $15 13. cxb5 axb5 {Black has an edge.} 14. b4 Nh5 $146 ({Predecessor:} 14... Ne8 15. Nb3 f5 16. Na5 Nf6 17. Bg5 h6 18. Bxf6 Bxf6 19. Nc6 Nxc6 20. dxc6 {0-1 (58) Lakic,N (2310)-Burovic,I (2375) Kladovo 1991}) 15. g4 Nf4 16. Bxf4 $1 exf4 17. Nf3 Nc8 18. Nd4 Qf6 19. Nc6 Rb7 (19... Bxc6 $5 20. dxc6 Ne7 $11) 20. Qd3 $36 {[%mdl 2048] White fights for an advantage.} Qh4 21. Na5 Rb6 $1 22. Ne4 {[%cal Bc3e4,Be4g3,Bg3h5][%mdl 32]} f5 (22... Qd8 $1 $11) 23. gxf5 $16 f3 24. Qxf3 {aiming for f6.} gxf5 25. Ng3 f4 (25... Qd8 $16 {might work better.} 26. Nh5 Be5) 26. Nh5 $18 Be5 (26... Bb2 {is a better defense.}) 27. Rxc7 Qd8 28. Rfc1 Ne7 {[%cal Bc8e7,Be7g6,Bg6f4][%mdl 32] intending ...Ng6.} 29. e3 ({White has to play} 29. Ra7 $1 $18 Nc8 30. Ra8) 29... Ng6 $16 {...Nh4 is the strong threat.} 30. exf4 $1 Nxf4 {[#]} 31. Qg3+ (31. Kh1 $142 $1) 31... Kh8 32. Nxf4 Bxf4 33. Qc3+ Be5 34. Qe3 Ra6 35. Nb7 $1 {[%cal Rb7d8,Ba5b7,Bb7d6,Bd6f7,Bf7h6][%mdl 32]} Qh4 (35... Qe8 $142) 36. Rxd7 Rxa2 $2 (36... Ra3 $16 37. Rc8 (37. Qxa3 {is a self mate.} Qxf2+ 38. Kh1 Qf4 39. Rxh7+ Kxh7 40. Qd3+ Kh8 41. Qh7+ Kxh7 42. Rc7+ Kg8 43. Rg7+ Kxg7 44. Kg1 Qh2#) 37... Rxc8 38. Qxa3 Qg5 39. Rd8+ (39. Nxd6 Rc1+ 40. Qxc1 Qxc1+ 41. Bf1 Qg5+ 42. Bg2 Qc1+ 43. Bf1 Qg5+ 44. Bg2 Qc1+ $11) 39... Rxd8 40. Nxd8 Qxd8) 37. Nxd6 $18 Bd4 38. Nf7+ {White mates.} Kg8 39. Nh6+ Kh8 {[#]} 40. Rxh7+ {Precision: White = 60%, Black = 58%.} (40. Rcc7 $142 $1 {[%mdl 512]} Qxf2+ 41. Qxf2 Bxf2+ 42. Kh2 Bg3+ 43. Kxg3 Ra3+ 44. Kg4 Rf4+ 45. Kxf4) 1-0

[Event "21st Alekhine Master 2017"]
[Site "Voronezh"]
[Date "2017.06.21"]
[Round "9"]
[White "Pridorozhni, Aleksei"]
[Black "Mozharov, Mikhail"]
[Result "1/2-1/2"]
[WhiteElo "2540"]
[BlackElo "2536"]
[Annotator "TA"]
[PlyCount "71"]
[EventDate "2017.??.??"]
[EventType "swiss"]
[EventCountry "RUS"]
[SourceTitle "playchess.com"]
[Source "ChessBase"]
[SourceQuality "1"]

{[%evp 12,71,22,4,10,0,29,23,17,10,-1,-23,-15,-29,16,10,19,5,5,8,6,6,6,6,6,5,6,0,0,0,0,0,0,0,0,0,0,0,0,0,24,16,19,14,66,67,72,72,74,31,25,0,21,14,26,30,22,0,16,0,22,0]} 1. e4 c6 2. Nc3 d5 3. Nf3 Bg4 4. h3 Bxf3 5. Qxf3 e6 6. d3 Nd7 7. g3 Bc5 {B11: Caro-Kann: Two Knights Variation} 8. Bg2 Ne7 9. O-O O-O {White has an edge.} 10. Qe2 a5 $146 ({Predecessor:} 10... f5 11. Kh2 Bd4 12. Nd1 Nf6 13. c3 Bb6 14. e5 Nd7 15. f4 {½-½ (42) Li,R (2564)-Dreev,A (2651) chess.com INT 2017}) 11. Kh1 b5 {[%cal Bb7b5,Bb5b4][%mdl 32]} 12. f4 b4 13. Na4 Ba7 14. c4 Nc5 15. Nxc5 Bxc5 16. cxd5 cxd5 17. f5 exf5 18. exf5 {Threatens to win with f6.} Bd4 19. Be3 Bf6 20. Rac1 Rc8 21. g4 Rxc1 22. Rxc1 d4 23. Bf4 {[#] Hoping for g5.} Nd5 24. Bxd5 Qxd5+ 25. Qe4 Qxe4+ (25... Qd8 {is interesting.} 26. Re1 Bh4 27. Re2 Qd7 28. g5 g6) 26. dxe4 $11 {[%mdl 4096] Endgame KRB-KRB} h6 27. Kg2 Re8 (27... Rd8 $11) 28. Kf3 $14 d3 {[#]} 29. b3 $1 Bc3 30. Rd1 Rd8 $1 31. Bc7 Rc8 32. Bb6 Rb8 33. Be3 Rd8 $1 34. Bb6 {The position is equal.} Rb8 35. Be3 Rd8 $1 36. Bb6 {Precision: White = 58%, Black = 65%.} 1/2-1/2

[Event "21st Alekhine Master 2017"]
[Site "Voronezh"]
[Date "2017.06.21"]
[Round "9"]
[White "Shyam, Sundar M"]
[Black "Paravyan, David"]
[Result "0-1"]
[WhiteElo "2535"]
[BlackElo "2521"]
[Annotator "TA"]
[PlyCount "62"]
[EventDate "2017.??.??"]
[EventType "swiss"]
[EventCountry "RUS"]
[SourceTitle "playchess.com"]
[Source "ChessBase"]
[SourceQuality "1"]

{[%evp 16,62,11,10,49,22,32,33,31,34,44,16,15,12,18,20,16,10,27,-16,-18,-37,-47,-45,-49,-72,-71,-135,-99,-117,-34,-54,-26,-1299,-1306,-1247,-1264,-1115,-1106,-845,-845,-29994,-1291,-1225,-1211,-29996,-29997,-29997,-29998]} 1. e4 e5 2. Bc4 Nf6 3. d3 Nc6 4. Nf3 Bc5 5. O-O d6 6. c3 a6 7. a4 O-O 8. Bg5 {C54: Giuoco Piano: 4 c3 Nf6, main lines with 5 d4 and 5 d3} (8. Re1 Ba7 9. h3 h6 10. Nbd2 Be6 11. b4 Re8 12. Bxe6 Rxe6 13. Qc2 d5 14. Nb3 Ne7 15. exd5 Qxd5 {½-½ (45) Fressinet,L (2662)-Amin,B (2660) Sharjah 2017}) 8... h6 9. Bh4 {LiveBook: 25 Games} Kh8 (9... g5 $5 {[%cal Rg5h4]} 10. Bg3 Be6 $11) 10. d4 {Strongly threatening Bxf6.White is slightly better.} (10. b4 {keeps more tension.} Ba7 11. Na3 Bg4 12. h3 Bd7 13. Nc2) 10... Ba7 11. dxe5 Nxe5 $146 ({Predecessor:} 11... dxe5 12. Nbd2 Qe7 13. a5 g5 14. Bg3 Bg4 15. Qc2 Nh5 {½-½ (42) Armanda,I (2326)-Bozanic,I (2270) Split 2009}) 12. Nxe5 dxe5 13. Qxd8 Rxd8 14. Bxf6 gxf6 15. Bxf7 Kg7 16. Bb3 f5 17. Bc2 f4 18. Na3 Be6 {[%mdl 1024] Black has compensation.} 19. Rad1 Bg4 $36 {[%mdl 2048] Black has the initiative.} 20. Rc1 {[#]} Kf6 $1 21. h3 (21. Bb3 $142) 21... Be6 22. Rcd1 {[#]} Rg8 ({Black should play} 22... f3 $1 $17 {[%mdl 512] Hoping for ...Rg8.} 23. Rxd8 (23. gxf3 Rxd1) 23... Rxd8 24. gxf3 Bxh3) 23. Kh2 $1 $15 Rg5 {aiming for ...Rag8.} 24. f3 $2 {[%mdl 8192]} (24. g3 $11) 24... Rag8 $19 25. Rd2 Rh5 26. Kh1 Rg3 27. Rfd1 Be3 {( -> ...Bxh3)} 28. Nb1 Bxd2 (28... Bxh3 $142 29. gxh3 Bxd2 30. Rxd2 Rgxh3+ 31. Rh2 Rxh2+ 32. Kg1 Rh1+ 33. Kg2 R5h2#) 29. Rxd2 {[#]} Bxh3 $1 {[%mdl 512]} 30. gxh3 Rgxh3+ 31. Kg2 Rh1 {Precision: White = 39%, Black = 54%.} 0-1

[Event "21st Alekhine Master 2017"]
[Site "Voronezh"]
[Date "2017.06.21"]
[Round "9"]
[White "Moiseenko, Vadim"]
[Black "Gavrilov, Alexei"]
[Result "1-0"]
[WhiteElo "2528"]
[BlackElo "2495"]
[Annotator "TA"]
[PlyCount "135"]
[EventDate "2017.??.??"]
[EventType "swiss"]
[EventCountry "RUS"]
[SourceTitle "playchess.com"]
[Source "ChessBase"]
[SourceQuality "1"]

{[%evp 9,135,16,19,5,12,-8,0,-8,-3,-15,-14,-46,-50,-78,-62,-57,-29,-32,-6,-3,-8,-8,-4,-28,0,-23,-20,-27,-27,-35,-24,-16,45,-44,-12,-9,2,0,0,0,0,0,0,0,0,0,0,0,0,0,0,0,379,383,381,381,380,373,378,22,31,24,22,35,37,39,33,24,60,64,153,176,185,81,217,208,306,310,758,733,954,925,933,372,605,480,495,246,235,217,309,321,318,295,312,314,303,302,296,239,249,248,913,913,1475,1256,12841,12841,12839,2251,9721,5389,12840,12841,12841,12841,12844,12844,12849,12845,12845,12846,12848,12847,12849,12849,12850,12850]} 1. e4 c6 2. d4 d5 3. f3 g6 4. c3 Bg7 5. Bg5 Nd7 6. exd5 $146 {B12: Caro-Kann: Advance Variation} ({Predecessor:} 6. Bh4 Qb6 7. Qd2 e5 8. exd5 cxd5 9. dxe5 Nxe5 10. Na3 Nf6 11. Bf2 Qa5 12. Bb5+ Nc6 {½-½ (31) Chebotarev,O (2514)-Zontakh,A (2549) Lipetsk 2007}) 6... cxd5 7. Nd2 Ngf6 8. Bd3 {The position is equal.} O-O 9. f4 Qc7 10. Nh3 Nb6 11. Qf3 Bg4 12. Qg3 {aiming for Bxf6.} Qd7 13. Nf2 {Bxf6 is the strong threat.} Bf5 14. O-O {[%cal Bh1f1,Bf1f3,Bf3h3][%mdl 32]} Bxd3 15. Nxd3 Ne4 16. Qe3 f5 17. Kh1 e6 18. Rf3 Rac8 19. Rh3 Qb5 20. Qe1 Nc4 ({Black should play} 20... Rf7 $11) 21. a4 (21. Nxe4 $1 $14 fxe4 22. b3) 21... Qa6 22. Nxc4 Qxc4 23. Bh6 Bxh6 24. Qh4 $1 Rc7 {And now ...e5! would win.} 25. Qxh6 Qb3 26. Qh4 a5 27. Re3 Qc2 28. h3 Rg7 29. Kh2 b6 30. Qe1 h6 $2 {[%mdl 8192]} (30... Rc8 $11) 31. Nc1 $1 $18 Qxb2 32. Ra2 Qb1 33. Ree2 $1 Nd6 {[#]} 34. Rab2 $2 (34. Ra3 $1 $18) 34... Qa1 $11 35. Rxb6 (35. Nd3 $5 {[%cal Re1a1]} Qxa4 36. Rxe6 $11) 35... Ne4 36. Ra2 Qxc3 37. Qxc3 Nxc3 38. Rc2 $36 {[%mdl 2048] White has the initiative.} Ne4 39. Rxe6 Rb8 {[#]} (39... g5 $1 $14) 40. Nd3 $1 $16 Kh7 41. Rcc6 (41. Ne5 $18 {and White stays clearly on top.}) 41... h5 (41... Rb1 $16) 42. Ne5 $18 Rb4 (42... Rbg8 $142 43. Ra6 Nc3 44. Rxa5 Ne2) 43. Nxg6 {Threatens to win with Ne7.} Rxa4 $2 (43... Nd2 44. Nh4 Rb1 45. Rh6+ Kg8 46. Rc8+ Kf7 47. Rc7+ Kg8 48. Rxg7+ Kxg7 49. Nxf5+ Kf7) 44. Ne7 {[%csl Gc6][%cal Re6h6]} Rf7 45. Rh6+ Kg7 46. Nxd5 $2 (46. Rcg6+ Kf8 47. Nc6) 46... Kf8 $2 (46... Kg8 47. Rce6 Kf8 48. Rh8+ Kg7 49. Rxh5 Ra3) 47. Rhg6 {[%cal Rc6c8]} Rg7 {...Rxg6 would now be nice for Black.} 48. Rxg7 (48. Rc8+ $142 Kf7 49. Rh6) 48... Kxg7 {[%mdl 4096] Endgame KRN-KRN} 49. Ne3 Nf6 (49... Kf7 $142 50. Nxf5 Ra1) 50. Nxf5+ Kf7 51. Ra6 Nd5 52. Kg3 Ra3+ 53. Kh4 Nxf4 54. g3 Ne2 55. d5 ({Not} 55. Kxh5 Nxg3+ 56. Nxg3 Rxg3 $14) 55... Rf3 $2 (55... a4 56. Nd6+ (56. Kxh5 Nxg3+ 57. Nxg3 Rxg3 $16) 56... Kg8) 56. Kg5 {White is clearly winning.} Rd3 57. Ra7+ Kf8 58. Kf6 {[%cal Ra7a8]} Ke8 59. Re7+ (59. Ke6 $142 Re3+ 60. Nxe3 Nd4+ 61. Ke5 Nf3+ 62. Kd6) 59... Kd8 60. Rxe2 Rxd5 {KRN-KR} 61. Re4 Kc7 62. g4 hxg4 63. hxg4 Kb6 64. g5 {[%cal Bg4g5,Bg5g6,Bg6g7][%mdl 32]} Rd8 65. g6 Kb5 66. g7 a4 67. Nd4+ Kb6 68. Ne6 {Precision: White = 52%, Black = 37%.} 1-0

[Event "21st Alekhine Master 2017"]
[Site "Voronezh"]
[Date "2017.06.21"]
[Round "9"]
[White "Maiorov, Nikita"]
[Black "Lintchevski, Daniil"]
[Result "0-1"]
[WhiteElo "2521"]
[BlackElo "2532"]
[Annotator "TA"]
[PlyCount "84"]
[EventDate "2017.??.??"]
[EventType "swiss"]
[EventCountry "RUS"]
[SourceTitle "playchess.com"]
[Source "ChessBase"]
[SourceQuality "1"]

{[%evp 27,84,-19,-10,-23,-20,-33,-25,-30,-22,-37,-32,-23,-14,-31,-29,-54,-41,-42,-36,-71,-70,-83,-39,-59,-3,-4,-9,-165,-164,-212,-197,-233,-185,-527,-523,-523,-518,-518,-509,-510,-506,-478,-458,-532,-530,-541,-541,-522,-524,-545,-545,-593,-590,-621,-580,-575,-575,-542,-533]} 1. d4 d5 2. c4 dxc4 3. Nf3 a6 4. e3 Nf6 5. Bxc4 e6 6. a4 c5 7. O-O Nc6 8. Qe2 cxd4 9. Rd1 Be7 10. exd4 O-O 11. Nc3 Nd5 12. Bd3 Ncb4 13. Bb1 b6 14. Qe4 g6 {LiveBook: 9 Games} 15. Ne5 {D27: Queen's Gambit Accepted: Classical main line: 7 e4!? and 7 a4} (15. Bh6 Re8 16. Ne5 Bg5 17. Qf3 Ra7 18. Bxg5 Qxg5 19. Be4 Rc7 20. Rac1 Rf8 21. Nxd5 Rxc1 {0-1 (21) Kosic,D (2542)-Kharlov,A (2609) Kallithea 2002}) 15... Bb7 16. Qg4 Bf6 $146 ({Predecessor:} 16... f5 17. Qg3 Bh4 18. Qh3 Rc8 19. Bh6 Re8 20. Ra3 Bf6 21. Qg3 Bh4 22. Qh3 {½-½ (22) Benito Alba,E-Mora Garcia,M Spain 1984}) 17. Bh6 {Black has an edge.} Bg7 18. Bxg7 Kxg7 19. Ra3 Nf6 20. Qg3 Rc8 21. Ne2 a5 22. h4 Nh5 $36 {[%mdl 2048] Black has good play.} 23. Qh3 Nd5 24. Qh2 f6 25. Ng4 Qc7 (25... Ba6 $15 26. Bd3 Bxd3 27. Raxd3 Rc2) 26. Qxc7+ $11 Rxc7 27. Nc3 $2 {[#]} (27. Ne3 $11 {and White stays safe.}) 27... Nxc3 $1 $19 28. bxc3 Nf4 29. Re1 Bxg2 30. Be4 $2 (30. Kh2 {is more resistant.}) 30... Bxe4 {Black is clearly winning.} 31. Rxe4 Nh3+ 32. Kg2 f5 $1 {[%csl LRe4,LRg4]} 33. Kxh3 fxe4 {[%mdl 4096] Endgame KRR-KRN} 34. Kg2 Rf4 35. Ne3 Rxh4 36. Rb3 Rc6 37. c4 Rh5 38. Kg3 Rd6 39. d5 exd5 40. cxd5 Rhxd5 41. Nxd5 Rxd5 42. Rxb6 Rd4 {Precision: White = 33%, Black = 78%.} 0-1

[Event "21st Alekhine Master 2017"]
[Site "Voronezh"]
[Date "2017.06.21"]
[Round "9"]
[White "Golubov, Saveliy"]
[Black "Ponkratov, Pavel"]
[Result "0-1"]
[WhiteElo "2504"]
[BlackElo "2595"]
[Annotator "TA"]
[PlyCount "100"]
[EventDate "2017.??.??"]
[EventType "swiss"]
[EventCountry "RUS"]
[SourceTitle "playchess.com"]
[Source "ChessBase"]
[SourceQuality "1"]

{[%evp 9,100,-7,43,36,29,30,18,18,56,62,55,57,47,55,65,63,95,37,57,38,149,0,0,4,20,0,8,0,8,11,25,0,12,-2,13,-5,0,0,0,-19,-19,-14,-20,-37,-37,-45,-38,-32,-8,-13,-7,-33,-32,-39,0,-7,-10,0,0,0,0,-3,-6,-8,-8,-19,-20,-18,-21,-27,-25,-113,-115,-158,-154,-142,-145,-207,-197,-263,-247,-230,-168,-325,-324,-307,-309,-313,-277,-398,-389,-411,-406]} 1. d4 Nf6 2. Nf3 c5 3. e3 {[%cal Be2e3,Be3e4][%mdl 32]} g6 4. Bd3 Bg7 5. O-O b6 6. e4 $146 {A48: 1 d4 Nf6 2 Nf3 g6: Torre, London and Colle Systems} ({Predecessor:} 6. d5 O-O 7. c4 d6 8. Nc3 a6 9. h3 e6 10. e4 Ra7 11. Be3 Re7 12. Qd2 Nbd7 13. dxe6 fxe6 14. Rad1 Ne5 15. Be2 Rd7 16. Ng5 {1-0 (36) Golubov,S (2506)-Nagy,G (2448) Budapest 2017}) 6... cxd4 7. e5 Ng4 8. Re1 {The position is equal.} Nc6 {[%cal Rg4e5]} 9. Bf4 $1 f6 $1 10. exf6 Nxf6 11. Bc4 e6 12. Bd6 Ng8 13. c3 ({White should try} 13. Na3 $16) 13... Nge7 $14 14. cxd4 {Black must now prevent d5.} Nf5 (14... O-O $14) 15. Be5 ({White has to play} 15. Ba3 $1 $16) 15... Nxe5 $11 16. dxe5 O-O 17. Nbd2 (17. Bd5 $5 Rb8 18. Be4 $11) 17... Bb7 18. Bd3 Bd5 19. Be4 Ne7 20. Bxd5 Nxd5 21. Nf1 Bh6 22. Ne3 Nxe3 23. fxe3 Rc8 24. Qd3 Qc7 25. Rad1 Rf7 26. Qe4 Qc2 27. Qxc2 Rxc2 28. Rd2 Rc5 (28... Bxe3+ {feels hotter.} 29. Rxe3 Rxf3 30. Rxc2 Rxe3 31. Rd2 Re1+) 29. Rd3 Kf8 30. Ra3 a5 31. Rc3 Rxc3 32. bxc3 $15 {[%mdl 4096] Endgame KRB-KRN} Ke7 33. Kf2 Rf8 34. Ke2 Rc8 35. Kd3 b5 36. Rb1 Rc5 37. Nd4 Rxe5 38. e4 Rg5 39. g3 Rh5 40. Nf3 {[#]} (40. Rxb5 $11 Rxh2 41. Rxa5) 40... Bg7 $1 $17 41. e5 Rf5 42. Ke4 {[#]} d5+ $1 43. exd6+ (43. Ke3 $17 {was necessary.}) 43... Kxd6 $19 44. Rc1 (44. Rd1+ {is a better defense.} Kc7 45. Rc1) 44... Rc5 45. Kd3 Rd5+ 46. Kc2 $2 (46. Ke4) 46... Rf5 47. Rd1+ Kc6 48. Rd3 e5 49. g4 (49. Nd2 {was worth a try.}) 49... Rf4 50. Nd2 Rxg4 {Precision: White = 34%, Black = 69%.} 0-1

[Event "21st Alekhine Master 2017"]
[Site "Voronezh"]
[Date "2017.06.21"]
[Round "9"]
[White "Nihal Sarin"]
[Black "Yudin, Sergei"]
[Result "1-0"]
[WhiteElo "2454"]
[BlackElo "2522"]
[Annotator "TA"]
[PlyCount "79"]
[EventDate "2017.??.??"]
[EventType "swiss"]
[EventCountry "RUS"]
[SourceTitle "playchess.com"]
[Source "ChessBase"]
[SourceQuality "1"]

{[%evp 26,79,32,22,33,26,33,27,37,20,23,27,26,41,68,67,82,69,95,35,65,71,115,116,105,91,120,114,191,179,179,176,175,168,231,231,231,231,231,218,211,214,226,226,408,396,620,623,785,723,723,412,785,782,29987,29988]} 1. d4 d5 2. c4 e6 3. Nf3 c6 4. e3 Bd6 5. b3 f5 6. Bd3 Nf6 7. O-O Qe7 8. Bb2 O-O 9. Qc1 Ne4 {A84: Dutch Defence: 2 c4 Miscellaneous} 10. Ba3 Nd7 11. Bxd6 Qxd6 12. Nc3 (12. Qa3 c5 13. cxd5 exd5 14. Nbd2 b6 15. Rac1 Bb7 16. Rfd1 Qh6 17. dxc5 bxc5 {1-0 (58) Karjakin,S (2753)-Wei,Y (2724) Heixiazi 2015}) 12... b6 13. Ne2 Bb7 14. Qb2 {LiveBook: 9 Games} c5 15. cxd5 exd5 16. Rac1 $146 ({Predecessor:} 16. dxc5 bxc5 17. Rfd1 {0-1 (43) Arnaudov,P (2423)-Sengupta,D (2527) Vaujany 2010}) 16... a6 17. Rfd1 Qe7 18. a4 {[%cal Ba2a4,Ba4a5][%mdl 32]} Rae8 19. a5 b5 20. dxc5 Ndxc5 21. Bb1 b4 {[#]} 22. Ne1 (22. Nfd4 $1 $16) 22... Rc8 23. Nd3 Qh4 {Hoping for ...Nxd3.} 24. g3 Qe7 25. Nxc5 Nxc5 26. Nf4 Rcd8 (26... Qd6 $16 {was necessary.}) 27. Rxc5 $18 Qxc5 28. Ne6 {[%csl Ge6][%cal Rb2g7] [#]} Qe7 29. Nxf8 ({Don't play} 29. Nxd8 $6 Qxd8 30. Qe5 g6 $14) 29... Qxf8 (29... Rxf8 {keeps fighting.} 30. Rc1 Qf6 31. Qxf6 Rxf6) 30. Qd4 g6 31. Qb6 Qe7 32. Rd4 Rc8 {...Rc1+ is the strong threat.} 33. Bd3 Rc1+ 34. Kg2 Rc3 $2 (34... Rc6 35. Qxb4 Qc7) 35. Bxa6 Bxa6 (35... Bc6 $142 36. Bb5 Ba8) 36. Qxa6 Rxb3 37. Qb5 Kg7 38. Qxd5 Rb2 (38... Rc3 $142 39. Qb5 Rc7 40. Rxb4 Qd6) 39. a6 Qxe3 40. Qd7+ {Precision: White = 86%, Black = 28%.} 1-0